Szegedi Hírlap. - 3. évf. (1930) 28.sz.
Elmentve itt :
| Dokumentumtípus: | Újság |
|---|---|
| Megjelent: |
1930
|
| Sorozat: | Szegedi Hírlap
3 No. 28 |
| Online Access: | http://misc.bibl.u-szeged.hu/28633 |
| LEADER | 00512nas a2200145 i 4500 | ||
|---|---|---|---|
| 001 | misc28633 | ||
| 005 | 20200430113538.0 | ||
| 008 | 171124s1930 hu n o 0|| zxx d | ||
| 040 | |a SZTE Miscellanea Repozitórium |b hun | ||
| 041 | |a zxx | ||
| 245 | 0 | 0 | |a Szegedi Hírlap. - 3. évf. (1930) 28.sz. |h [elektronikus dokumentum] |
| 260 | |c 1930 | ||
| 490 | 0 | |a Szegedi Hírlap |v 3 No. 28 | |
| 561 | |a Szegedi helytörténeti dokumentumok | ||
| 856 | 4 | 0 | |u http://misc.bibl.u-szeged.hu/28633/1/szegedi_hirlap_1930_07_14_028.pdf |z Dokumentum-elérés |